00634 a2200181 4500020002500000020002200025050002200047100002900069245010800098264003900206300003500245336002600280337002900306338002800335504005100363650002600414700001200440 a9781847203625 (hbk.) a1847203620 (hbk.)00aJQ1631b.D63 20091 aIhori, Toshihiro,d1952-14aThe public sector in Japan :bpast developments and future prospects /cToshihiro Ihori and Takero Doi. aCheltenham:bEdward Elgar,cc.2009 axii, 320 pagesbillustrations. 1text2rda content3tx 1unmediated2rda media3n 1volume2rda carrier3nc aIncludes bibliographical references and index. 0aPublic administration1 ad1970-